Rekvalifikácia a trh práce

Rekvalifikácia ako jeden z najdôležitejších nástrojov aktívnej politiky trhu práce. Cieľom rekvalifikácie je uľahčiť prístup nezamestnaného k novému zamestnaniu, a to investíciou do jeho vzdelania.

Na minha lista:
Detalhes bibliográficos
Autor principal: Takáčová, Oľga
Formato: Capítulo de Livro
Idioma:eslovaco
Assuntos:
Tags: Adicionar Tag
Sem tags, seja o primeiro a adicionar uma tag!

MARC

LEADER 00000naa$a2200000$$$4500
001 0115258
005 20231120112935.0
041 0 |a slo 
044 |a SK 
245 1 0 |a Rekvalifikácia a trh práce  |c Oľga Takáčová 
520 |a Rekvalifikácia ako jeden z najdôležitejších nástrojov aktívnej politiky trhu práce. Cieľom rekvalifikácie je uľahčiť prístup nezamestnaného k novému zamestnaniu, a to investíciou do jeho vzdelania. 
610 2 0 |a trh práce 
610 2 0 |a rekvalifikácia 
100 1 |a Takáčová, Oľga